00534nam a22001817a 450000500170000001000150001702000110003203500140004303700090005708200120006610000170007824500750009526000510017027000630022130000200028470000250030470000230032920250103121209.0 aENG-143193 c200.00 aEN-126725 bDBAD a336.271 aSudhakar, A. aTheory and Practice of GST/cBy A. Sudhakar; O. Bhavani [and] N. Moses aIndirapurambNational Publishing Companyc2021 aSRB-43A, Shipra Riviera, Gyan Khand-3bIndirapurame201014 a189p.c23cm(pb) a Bhavani, O.eAuthor aMoses, N. eAuthor